Logický a neuronový přístup k umělé inteligenci

Popis a vzájomné porovnanie logického a neurónového prístupu k umelej inteligencii. Vysvetlenie použitia apriórnych znalostí pre urýchlenie konvergencie a zníženie chyby rozhodovania neurónovej siete. Zhrnutie trendov v oblasti tzv novej umelej inteligencie.

Enregistré dans:
Détails bibliographiques
Auteur principal: Veselý, Arnošt
Format: Chapitre de livre
Langue:tchèque
Sujets:
Tags: Ajouter un tag
Pas de tags, Soyez le premier à ajouter un tag!

MARC

LEADER 00000naa a2200000 4500
001 r040322
005 20230922112015.0
041 0 |a cze 
044 |a CZ 
245 1 0 |a Logický a neuronový přístup k umělé inteligenci  |c Arnošt Veselý 
520 |a Popis a vzájomné porovnanie logického a neurónového prístupu k umelej inteligencii. Vysvetlenie použitia apriórnych znalostí pre urýchlenie konvergencie a zníženie chyby rozhodovania neurónovej siete. Zhrnutie trendov v oblasti tzv novej umelej inteligencie. 
610 2 0 |a inteligencia umelá 
610 2 0 |a siete neurónové 
610 2 0 |a modely rozhodovania 
610 2 0 |a algoritmy 
610 2 0 |a modelovanie 
100 1 |a Veselý, Arnošt